Pays d'Asie - Mort subite - Statistiques

Statistiques générales
  • Ce quiz a été pris 2 994 fois
    535 depuis la dernière actualisation
  • Le résultat moyen est 11 sur 17
Answers on the Grid
Answers color-coded by a green-red scale on the quiz's grid according to % correct below.
Kurdistan
Népal
Mesopotamie
Bulgarie
Chine
Kazakhstan
Turquie
Chypre
Cis jordanie
Laos
Brunei
Timor oriental
Tripoli
Bhoutan
Maldives
Cambodge
Taiwan
Papouasie-Nouvelle-Guinée
Belize
Kosovo
Malte
Sri Lanka
Qatar
Pakistan
Erythrée
Singapour
Australie
Géorgie
 
Statistiques - réponses
Réponse % Correct
Chine
79%
Taiwan
79%
Singapour
78%
Cambodge
75%
Népal
75%
Pakistan
74%
Sri Lanka
73%
Bhoutan
70%
Kazakhstan
70%
Laos
70%
Qatar
65%
Brunei
63%
Turquie
60%
Timor oriental
57%
Géorgie
56%
Maldives
53%
Chypre
50%
Aucun quiz correspondant
Distribution des résultats
% des personnes avec chaque résultat
Percentile par nombre de réponses
Votre historique - résultats
Vous n’avez pas pris ce quiz depuis la dernière actualisation